000 01855nam a2200541 i 4500
001 46744
003 KOSZ 005
005 20190919095003.0
008 050608s2005 pl f |000 0 pol
015 _aPB 2005/11087
020 _a8373344527
035 _a991027219139705066
035 _a(PL-WaBN)b17384102-48omnis_nlop
035 _ab17384102
035 _a(OCoLC)69328374
035 _a(PL)b0000001738410
035 _a(EXLNZ-48OMNIS_NETWORK)9910169236605606
040 _aWA N
_cWA N
_dKOSZ 005/HR
041 0 _apol
046 _k2005
080 _a342.25(438)
080 _a:353(438)
080 _a(094.5.07)
245 0 0 _aKomentarz do ustawy o samorządzie województwa /
_cKazimierz Bandarzewski [et al.] ; pod red. Pawła Chmielnickiego.
250 _aStan prawny na 15 kwietnia 2005 r.
260 _aWarszawa :
_bWydaw. Prawnicze "LexisNexis",
_c2005.
300 _a467, [1] s. ;
_c24 cm.
336 _2rdacontent
_aTekst
_btxt
337 _2rdamedia
_aBez urządzenia pośredniczącego
_bn
338 _2rdacarrier
_aWolumin
_bnc
380 _aKsiążki
380 _aPublikacje fachowe
388 _a2001-
504 _aBibliogr. s. 448-459. Wykaz aktów normatywnych s. 460-464.
648 7 _a2001-
650 7 _aSamorząd województwa
_2DBN
650 7 _aPrawo
651 7 _aPolska
655 7 _aKomentarz do ustawy
658 _aPrawo i wymiar sprawiedliwości
658 _aPolityka, politologia, administracja publiczna
700 1 _aBandarzewski, Kazimierz
_eAutor
700 1 _aChmielnicki, Paweł
_d(1972- )
_eRedakcja
710 2 _aWydawnictwo Prawnicze LexisNexis
_4pbl
856 _uhttp://koha.tu.koszalin.pl/cgi-bin/koha/opac-detail.pl?biblionumber=46744
_yKatalog online BPK
942 _2UKD
_cKS
999 _c46744
_d46744